LEADER 01004nam2-2200325---450 001 990001957840203316 005 20210525102142.0 035 $a000195784 035 $aUSA01000195784 035 $a(ALEPH)000195784USA01 035 $a000195784 100 $a20040826d1985----km-y0ITAy01------ba 101 $aita 102 $aIT 105 $a00||| 200 1 $a2. : Da Vittorio Veneto alla 2. guerra mondiale$fFilippo Stefani 210 $aRoma$cUfficio storico SME$d1985 215 $a684 p.$d25 cm 461 $10010093257$12001$a<> storia della dottrina e degli ordinamenti dell'esercito italiano 601 02$aEsercito italiano$xStoria 607 $aItalia$xStoria militare 676 $a355.00945 700 1$aSTEFANI,$bFilippo$0171210 801 0$aIT$bsalbc$gISBD 912 $a990001957840203316 951 $aX.3.B. 1905/2.1(III E 1712 2.1)$b11638 L.M.$cIII E 959 $aBK 969 $aUMA 996 $a2. : Da Vittorio Veneto alla 2. guerra mondiale$91780612 997 $aUNISA LEADER 00951nam a22002531i 4500 001 991003596359707536 005 20030910100224.0 008 031111s1969 uik|||||||||||||||||eng 020 $a0140029192 035 $ab12448175-39ule_inst 035 $aARCHE-048146$9ExL 040 $aDip.to Lingue$bita$cA.t.i. Arché s.c.r.l. Pandora Sicilia s.r.l. 082 04$a813.01 245 04$aThe Penguin Book of american short stories /$cedited by James Cochrane 260 $aHarmondsworth :$bPenguin Books,$c1969 300 $a422 p. ;$c20 cm 650 4$aNarrativa americana$ySec. 20.$xAntologie 700 1 $aCochrane, James 907 $a.b12448175$b02-04-14$c13-11-03 912 $a991003596359707536 945 $aLE012 813.01 COC$g1$i2012000119307$lle012$o-$pE0.00$q-$rl$s- $t0$u0$v0$w0$x0$y.i12875168$z13-11-03 996 $aPenguin Book of american short stories$9180122 997 $aUNISALENTO 998 $ale012$b13-11-03$cm$da $e-$feng$guik$h4$i1 LEADER 02770nas 2200469 n 450 001 990008923580403321 005 20240229084309.0 011 $a0394-4654 035 $a000892358 035 $aFED01000892358 035 $a(Aleph)000892358FED01 035 $a000892358 091 $2CNR$aP 00028402 100 $a20161109b18861940km-y0itaa50------ba 101 0 $aita 102 $aIT 110 $aauu-------- 200 1 $aBollettino delle opere moderne straniere acquistate dalle biblioteche pubbliche governative del Regno d'Italia 207 1$a1886-1940 210 $aRoma$cBiblioteca Nazionale Centrale Vittorio Emanuele II 440 0$1001000892359$12001$aBollettino delle opere moderne straniere acquistate dalle biblioteche pubbliche governative italiane 530 0 $aBollettino delle opere moderne straniere acquistate dalle biblioteche pubbliche governative del Regno d'Italia 675 $a002 675 $a01 712 02$aBiblioteca nazionale centrale di Roma 801 0$aIT$bACNP$c20090723 859 4 $uhttp://acnp.cib.unibo.it/cgi-ser/start/it/cnr/dc-p1.tcl?catno=18771&person=false&language=ITALIANO&libr=&libr_th=unina1$zBiblioteche che possiedono il periodico 901 $aSE 912 $a990008923580403321 958 $aBiblioteca Centrale della Facoltà di Giurisprudenza dell'Università di Napoli Federico II$b1886-1892;1915-1938;$ePer. est. 362$fFGBC 958 $aBiblioteca Centralizzata. Facoltà di Agraria dell'Università Federico II di Napoli$b1886-1891;$fFAGBC 958 $aBiblioteca Centrale "F. Gasparini". Facoltà di Ingegneria. Università degli Studi di Napoli "Federico II"$b1890-1892;1908-1920;1922;1924;1926;1928;1930-1940.$eXa1$fFINBC FINAG 959 $aFGBC 959 $aFAGBC 959 $aFINBC 959 $aFINAG 996 $aBOLLETTINO delle opere moderne straniere acquistate dalle biblioteche pubbliche governative del Regno d'Italia$9106503 997 $aUNINA AP1 8 $6866-01$aNA073 Biblioteca Centrale della Facoltà di Giurisprudenza dell'Università di Napoli Federico II$bPer. est. 362$eCorso Umberto I, 80138 Napoli (NA)$m0812537531/33$m0812537532$nit AP1 8 $6866-02$aNA087 Biblioteca Centralizzata. Facoltà di Agraria dell'Università Federico II di Napoli$ev. Università, 100 Palazzo Reale, 80055 Portici (NA)$m081-2539322$m081-7760229$nit AP1 8 $6866-03$aNA104 Biblioteca Centrale "F. Gasparini". Facoltà di Ingegneria. Università degli Studi di Napoli "Federico II"$bXa1$ep.le Tecchio,80, 80125 Napoli (NA)$m0817682190;0817682195$m0817682188$nit AP2 40$aacnp.cib.unibo.it$nACNP Italian Union Catalogue of Serials$uhttp://acnp.cib.unibo.it/cgi-ser/start/it/cnr/df-p.tcl?catno=18771&language=ITALIANO&libr=&person=&B=1&libr_th=unina&proposto=NO